书目信息 |
| 题名: |
人类发育与遗传学
|
|
| 作者: | 赵彦艳 , 孙开来 主编 | |
| 分册: | ||
| 出版信息: | 北京 科学出版社 2016.01 |
|
| 页数: | 338页 | |
| 开本: | 29cm | |
| 丛书名: | ||
| 单 册: | ||
| 中图分类: | Q344-43 , Q344 | |
| 科图分类: | ||
| 主题词: | 发育遗传学--高等学校--教材 | |
| 电子资源: | ||
| ISBN: | 978-7-03-046745-4 | |
| 000 | 01139nam0 2200301 450 | |
| 001 | 4664 | |
| 005 | 20181015085633.10 | |
| 010 | @a978-7-03-046745-4@dCNY68.00 | |
| 100 | @a20160222d2016 em y0chiy50 ea | |
| 101 | 0 | @achi |
| 102 | @aCN@b110000 | |
| 105 | @aa az 000yy | |
| 200 | 1 | @a人类发育与遗传学@9ren lei fa yu yu yi chuan xue@b专著@f赵彦艳,孙开来主编 |
| 205 | @a3版 | |
| 210 | @a北京@c科学出版社@d2016.01 | |
| 215 | @a338页@c图@d29cm | |
| 300 | @a普通高等教育“十一五”国家级规划教材 | |
| 314 | @a赵彦艳,封面误题,赵彦燕 | |
| 314 | @a孙开来 (1934-2014),男,安徽同城人,著名医学遗传学家,教授,博士生导师。曾任中国医科大学副校长等职。 | |
| 320 | @a有书目 | |
| 330 | @a本书依据医学遗传学、人体生殖学和胚胎发育学三个学科课程内容进行编写,以经典和现代医学遗传学为基础,阐述人体在个体发育过程中,正常形态结构与功能的发生机制及畸形和疾病的发生机制,以及应采取的防治策略和措施。 | |
| 606 | 0 | @a发育遗传学@x高等学校@j教材 |
| 690 | @aQ344-43@v5 | |
| 690 | @aQ344@v4 | |
| 701 | 0 | @a赵彦艳@9zhao yan yan@4主编 |
| 701 | 0 | @a孙开来@9sun kai lai@f(1934-2014)@4主编 |
| 801 | 0 | @aCN@b91MARC@c20160516 |
| 905 | @aMuseLib@dQ344@e82=3 | |
| 人类发育与遗传学/赵彦艳,孙开来主编.-3版.-北京:科学出版社,2016.01 |
| 338页:图;29cm |
| 普通高等教育“十一五”国家级规划教材 |
| ISBN 978-7-03-046745-4:CNY68.00 |
| 本书依据医学遗传学、人体生殖学和胚胎发育学三个学科课程内容进行编写,以经典和现代医学遗传学为基础,阐述人体在个体发育过程中,正常形态结构与功能的发生机制及畸形和疾病的发生机制,以及应采取的防治策略和措施。 |
| ● |
| 相关链接 |
|
|
|
|
正题名:人类发育与遗传学
索取号:Q344/82=3
 
预约/预借
| 序号 | 登录号 | 条形码 | 馆藏地/架位号 | 状态 | 备注 |
| 1 | 1126160 | 211261604 | 第二样本阅览室/ [索取号:Q344/82=3] | 在馆 | |
| 2 | 1126161 | 211261613 | 第三借阅区/ [索取号:Q344/82=3] | 在馆 | |
| 3 | 1126162 | 211261622 | 密集书库-生命科学系/ [索取号:Q344/82=3] | 在馆 |